Compendio de convenios internacionales de seguridad social suscritos por Chile: incluye acuerdos administrativos para su implementación

Sparad:
Bibliografiska uppgifter
Institutionell upphovsman: Ministerio del Trabajo y Previsión Social (Författare, medförfattare)
Materialtyp: Bok
Språk:spanska
Publicerad: Santiago Subsecretaría de Previsión Social. Ministerio del Trabajo y Previsión Social. Gobierno de Chile 2009
Upplaga:1a. ed
Ämnen:
Taggar: Lägg till en tagg
Inga taggar, Lägg till första taggen!

MARC

LEADER 00000nam a2200000 a 4500
001 UCG2144
003 CL-VaPUC
008 100617e20091200CL |||||||||||||||||spa|d
020 |a 97895676570205 
082 0 4 |a 344.02  |b MIN  |2 21 
110 2 |a Ministerio del Trabajo y Previsión Social  |e author  |9 550486 
245 1 0 |a Compendio de convenios internacionales de seguridad social suscritos por Chile: incluye acuerdos administrativos para su implementación 
250 |a 1a. ed 
300 |a t 
942 |c BK 
945 |d 20100617 00:00:00  |a dcastane 
260 |a Santiago  |b Subsecretaría de Previsión Social. Ministerio del Trabajo y Previsión Social. Gobierno de Chile  |c 2009 
650 0 |a Seguridad social  |9 255322 
650 7 |a CONVENIOS DE SEGURIDAD SOCIAL  |2 CL-VaPUC  |9 550487 
650 7 |a CONVENIOS INTERNACIONALES DE SEGURIDAD SOCIAL  |2 CL-VaPUC  |9 550488 
651 7 |a CHILE  |2 CL-VaPUC  |9 550489 
583 |a last modification  |c 20100617 00:00:00  |k Rodrigo Vera 
999 |c 341379  |d 341377 
952 |0 0  |1 0  |4 0  |6 344_020000000000000_MIN_2009  |7 0  |8 A  |9 436801  |a BIBDER  |b BIBDER  |d 2019-11-22  |h t.1  |i 4686926  |l 1  |o 344.02 MIN 2009  |p 4686926  |r 2023-01-25  |s 2022-07-28  |w 2019-11-22  |y BK  |k DER 
952 |0 0  |1 0  |4 0  |6 344_020000000000000_MIN_2009  |7 0  |8 A  |9 436802  |a BIBDER  |b BIBDER  |d 2019-11-22  |h t.2  |i 4686934  |l 1  |o 344.02 MIN 2009  |p 4686934  |r 2023-01-25  |s 2022-07-28  |w 2019-11-22  |y BK  |k DER